Study guide company secretaries : (Record no. 133398)

MARC details
000 -LEADER
fixed length control field 00749nam a22002297a 4500
005 - DATE AND TIME OF LATEST TRANSACTION
control field 20170124110209.0
010 ## - LIBRARY OF CONGRESS CONTROL NUMBER
LC control number B-017589
020 ## - INTERNATIONAL STANDARD BOOK NUMBER
Terms of availability 00.00
International Standard Book Number 8125906363
035 ## - SYSTEM CONTROL NUMBER
System control number B-017589
037 ## - SOURCE OF ACQUISITION
Source of stock number/acquisition Cen Lib/Ret
040 ## - CATALOGING SOURCE
Original cataloging agency DPL
Language of cataloging EN
082 ## - DEWEY DECIMAL CLASSIFICATION NUMBER
Classification number 000
Item number SUR
100 ## - MAIN ENTRY--PERSONAL NAME
Personal name Surana, D.K.
9 (RLIN) 37841
245 ## - TITLE STATEMENT
Title Study guide company secretaries :
Statement of responsibility, etc by D.K. Surana [and] K. guruswamy
Remainder of title group 1 intermediate examinations /
260 ## - PUBLICATION, DISTRIBUTION, ETC. (IMPRINT)
Place of publication, distribution, etc New Delhi
Name of publisher, distributor, etc Vikas Publishing House
Date of publication, distribution, etc 1999
270 ## - ADDRESS
City New Delhi
Address 576 masjid road, jangpura
Postal code 110014
300 ## - PHYSICAL DESCRIPTION
Extent viii, 704p.
Dimensions 21cm(Hb)
650 ## - SUBJECT ADDED ENTRY--TOPICAL TERM
Topical term or geographic name as entry element Generalia
9 (RLIN) 3517
650 ## - SUBJECT ADDED ENTRY--TOPICAL TERM
Topical term or geographic name as entry element Entrance Books (company secretary)
9 (RLIN) 37842
700 ## - ADDED ENTRY--PERSONAL NAME
Personal name Guruswamy, K.
9 (RLIN) 37843
942 ## - ADDED ENTRY ELEMENTS (KOHA)
Source of classification or shelving scheme Dewey Decimal Classification
Koha item type English Books
Classification part 000
Call number suffix SUR
Holdings
Withdrawn status Lost status Damaged status Not for loan Home library Current library Date acquired Source of acquisition Cost, normal purchase price Total Checkouts Full call number Barcode Date last seen Copy number Cost, replacement price Price effective from Koha item type
        Central Library Central Library 25/07/2015 Cen Lib/Ret 0.00   000 SUR B-017589 25/07/2015 1 0.00 25/07/2015 English Books

© Delhi Public Library
Hit Counter
free hit counter